000 01221nam a2200313Ia 4500
001 ebr10086799
003 CaPaEBR
006 m u
007 cr cn|||||||||
008 930601s1993 nyu sb 001 0 eng d
010 _z 92040495
020 _z019508232X (acid-free)
040 _aCaPaEBR
_cCaPaEBR
035 _a(OCoLC)228117254
050 1 4 _aQA9.6
_b.S68 1993eb
100 1 _aSmullyan, Raymond M.
245 1 0 _aRecursion theory for metamathematics
_h[electronic resource] /
_cRaymond M. Smullyan.
260 _aNew York :
_bOxford University Press,
_c1993.
300 _axiv, 163 p.
490 1 _aOxford logic guides ;
_v22
504 _aIncludes bibliographical references (p. 159-160) and index.
533 _aElectronic reproduction.
_bPalo Alto, Calif. :
_cebrary,
_d2009.
_nAvailable via World Wide Web.
_nAccess may be limited to ebrary affiliated libraries.
650 0 _aRecursion theory.
650 0 _aLogic, Symbolic and mathematical.
655 7 _aElectronic books.
_2local
710 2 _aebrary, Inc.
830 0 _aOxford logic guides ;
_v22.
856 4 0 _uhttp://site.ebrary.com/lib/rucke/Doc?id=10086799
_zAn electronic book accessible through the World Wide Web; click to view
999 _c68109
_d68109